logo

Bir Sreshtho Munshi Abdur Rouf Library
Jhenaidah Cadet College

Selected Poetry / (Record no. 6686)

MARC details
000 -LEADER
fixed length control field 00553nam a2200217 a 4500
001 - CONTROL NUMBER
JCCL Control Number 6686
003 - CONTROL NUMBER IDENTIFIER
JCCL marc code BD-JhCC
005 - DATE AND TIME OF LATEST TRANSACTION
control field 20180128110759.0
008 - FIXED-LENGTH DATA ELEMENTS--GENERAL INFORMATION
fixed length control field 180128s1968 U |||| || | 000 0 eng d
035 ## - SYSTEM CONTROL NUMBER
system control number (BD-JhCC)6686
040 ## - CATALOGING SOURCE
Original cataloging agency BD-JhCC
Modifying agency BD-JhCC
041 ## - LANGUAGE CODE
Language code of Book eng
082 ## - DEWEY DECIMAL CLASSIFICATION NUMBER
Classification number 821.7
Author mark and Year SHE 1968
100 ## - MAIN ENTRY--PERSONAL NAME
Personal name Shelley, Percy Bysshe
245 ## - TITLE STATEMENT
Title Selected Poetry /
Statement of responsibility, etc Percy Bysshe Shelley,
260 ## - PUBLICATION, DISTRIBUTION, ETC. (IMPRINT)
Place of publication, distribution, etc New York :
Name of publisher, distributor, etc Oxford University Press
Date of publication, distribution, etc 1968
300 ## - PHYSICAL DESCRIPTION
Pagination 488 p. :
Dimensions 22 cm.
650 ## - SUBJECT ADDED ENTRY--TOPICAL TERM
Topical term or geographic name as entry element English Poetry
942 ## - ADDED ENTRY ELEMENTS (KOHA)
Source of classification or shelving scheme Dewey Decimal Classification
Koha item type Books
Holdings
Source of classification or shelving scheme Damaged status Not for loan Home library Current library Shelving location Date of accession Total Checkouts Full call number Barcode Date last seen Copy number Koha item type
Dewey Decimal Classification     JCC Rouf Library JCC Rouf Library General Stacks 01/28/2018   821.7 SHE 1968 9097 01/28/2018 C-1 Books

JCC Library | Contacts | JCC Home

Last Update on 23 September 2017
Copyright @ 2017-2020 JCC Rouf Library
Rouf Library, Jhenidah Cadet College (JCC), Bangladesh